000 00685nam a22001337a 4500
040 _cRUA
082 _aANS LEO 2018 B648 Or.1
100 _aLEOM MENGHAK លឹម ម៉េងហាក់
245 _athe effect of incubation on domestic egg using automatic electric incubator ប្រសិទ្ធភាពនៃការភ្ងាស់ស៊ុតមាន់ក្នុងស្រុកដោយប្រើទូរភ្ងាស់អគ្គីនីស្វ័យប្រវត្តិ
260 _aRUA
_bPhnom penh
_c2018
300 _aix;32p
_bill;
_c29cm
856 _uTHE EFFECT OF INCUBATION ON DOMESTIC EGG USING AUTOMATIC ELECTRIC INCUBATOR
942 _cANS
999 _c18261
_d18261